| 000 | 00551nam a2200193Ia 4500 | ||
|---|---|---|---|
| 003 | IN-BaIIA | ||
| 008 | 211028s9999 xx 000 0 eng d | ||
| 020 | _a0-19-851156-6 | ||
| 040 | _cIIA Library | ||
| 080 |
_a539.18 _bWOO |
||
| 100 |
_aWoodgate, G. K _919765 |
||
| 245 | 0 |
_aElementary atomic structure _cG. K Woodgate |
|
| 250 | _a2nd ed. | ||
| 260 |
_aOxford _bClarendon Press _c1992 |
||
| 300 | _aix, 228p. | ||
| 650 |
_aAtomic physics _91547 |
||
| 650 |
_aElementary pticles _93037 |
||
| 942 | _cBK | ||
| 999 |
_c11467 _d11467 |
||